000 00682nam a2200241Ia 4500
003 OSt
005 20221005082026.0
006 a|||||r|||| 00| 0
007 ta
008 221004b |||||||| |||| 00| 0 eng d
024 _a44527
037 _cTextual
040 _aCRL
_cCRL
_beng
041 _2eng
_aeng
082 _aO44wN2,N83, N3[RR]
245 0 _aWho's Who of Indian writers supplemenary volume
_b 1990 Ed nby Satchidanandan
260 _aNew Delhi
_bSahitya Akademi
_c1993
300 _a249p
_ccm.
650 _a ENGLISH LITERATURE
650 _aINDIAN LITERATURE
942 _hO44wN2,N83, N3[RR]
_cTEXL
_2cc
999 _c988625
_d988625